000 00542nam a22001577a 4500
008 141017b xxu||||| |||| 00| 0 eng d
020 _a9781551118840
050 _aBC177.L39 2008
100 _aHughes, William and Lavery, Jonathan
_912231
245 _aCritical Thinking
_ban introduction to the basic skills
_cWilliam Hughes and Jonathan Lavery
260 _aCanada
_bBroadview Press
_c2008
300 _a390p. ;
_c23cm.
650 _aCritical thinking
_xtextbooks
_912232
650 _aLogic
_xtextbooks
_912233
942 _2lcc
_cMONOGRAPH
_016
999 _c121135
_d121135